| 000 | 01308nam a22002775a 4500 | ||
|---|---|---|---|
| 003 | OSt | ||
| 005 | 20180106130607.0 | ||
| 008 | 180106s2005 ua a grb 000 0 ara d | ||
| 017 | _a2005 / 9291 | ||
| 020 | _a9772047144 | ||
| 040 |
_aEG-ScBUE _bara _cEG-ScBUE |
||
| 082 | 0 | 4 |
_a658.403 _bهـ و ا _222 |
| 100 | 1 | _aهواري، سيد. | |
| 245 | 1 | 2 |
_aالقرارات الذكية في الحياة الشخصية والعائلية والمهنية : _bأمثلة واقعية وحالات تطبيقية متعددة : دليل عملي عن كيفية إتخاذ القرارات / _cسيد الهواردي. |
| 246 | 3 | 4 |
_aقرارات الذكية مع أمثلة واقعية من الحياة الشخصية والعائلية والمهنية : _bدليل الإنسان الذكي لتحويل المشكلات إلى فرص |
| 260 |
_aالقاهرة : _bسيد الهواري، _c2005. |
||
| 300 |
_a182 ص. : _bإيض. ؛ _c24 سم. |
||
| 504 | _aيشتمل على إرجاعات ببليوجرافية. | ||
| 650 | 7 |
_aاتخاذ القرارات. _2BUEsh _914804 |
|
| 650 | 7 |
_aحل المشكلات. _2BUEsh |
|
| 650 | 7 |
_aالنجاح الشخصي. _2BUEsh _923916 |
|
| 650 | 7 |
_aالتخطيط الإداري. _2BUEsh |
|
| 651 | _2BUEsh | ||
| 653 |
_bBUSADM _bGGEN _cJanuary2017 |
||
| 942 | _2ddc | ||
| 999 |
_c25877 _d25849 |
||